000 00301nam a2200109Ia 4500
008 171211s9999 xx 000 0 und d
245 4 _aThe Miriam Tradition: Teaching Embodied Torah
245 _cCia Sautter
260 _c2010
650 _xART
856 _uhttp://down.ebook777.com/064/0252077628.pdf
999 _c348533
_d348533